000 00900nas a2200301 4500
001 BR2012004333
003 BR-BrBNA
005 20231205120722.0
007 ta
008 230509b bl.|||p| |||| 00| 00por d
040 _aBR-BrBNA
_bpor
_cBiblioteca Nacional de Agricultura
041 _a(Pt)
072 _aP33
100 1 _aRossi, C.Q.
100 1 _aPereira, M.G.
100 1 _aGiácomo, S.G.
100 1 _aBetta, M.
100 1 _aPolidoro, J.C.
245 1 _aFrações lábeis da matéria orgânica em sistema de cultivo com palha de braquiária e sorgo
650 _aSORGO
650 _aCAPIM BRACHIÁRIA
650 _aCARBONO
650 _aPLANTIO DIRETO
650 _aQUÍMICA DO SOLO
773 0 _tRevista Ciência Agronômica (Brazil)
_xISSN 0045-6888
_g(Jan-Mar 2012), v. 43(1) p. 38-46
_wBR2012004333
909 _a202311
_bLúcia
_c55
_dLúcia Elande
942 _2AGRIS
_n0
_cANA
999 _c219946
_d219946